Т. 1 : Основные элементы приборов; Электронные сверхвысокочастотные приборы со скрещенными полями

书目详细资料
Parent link:Электронные сверхвысокочастотные приборы со скрещенными полями: пер. с англ./ под ред. М. М. Федорова. Т. 1 : Основные элементы приборов.— , 1961
语言:俄语
出版: 1961
主题:
格式: MixedMaterials 图书
KOHA link:https://koha.lib.tpu.ru/cgi-bin/koha/opac-detail.pl?biblionumber=148638

MARC

LEADER 00000nam2a2200000 4500
001 148638
005 20231031145538.0
035 |a (RuTPU)RU\TPU\book\161167 
090 |a 148638 
100 |a 20081205d1961 km y0rusy50 ca 
101 1 |a rus  |c eng 
102 |a RU 
105 |a a z 001zy 
200 0 |a Т. 1 : Основные элементы приборов 
210 |d 1961 
215 |a 456 с.  |c ил. 
320 |a Библиография в конце статей 
461 1 |0 (RuTPU)RU\TPU\book\177000  |t Электронные сверхвысокочастотные приборы со скрещенными полями  |o пер. с англ.  |o в 2-х томах  |f под ред. М. М. Федорова  |v Т. 1 : Основные элементы приборов  |d 1961 
610 1 |a электронные приборы 
610 1 |a сверхвысокочастотные приборы 
610 1 |a скрещенные поля 
610 1 |a приборы 
610 1 |a периодические системы 
610 1 |a динамические явления 
675 |a 621.385.11  |v 3 
801 1 |a RU  |b 63413507  |c 20081205  |g PSBO 
801 2 |a RU  |b 63413507  |c 20150610  |g PSBO 
942 |c BK